NFL Teams with Most Points in the Super Bowl - Statistics

General Stats
  • This quiz has been taken 337 times
    42 since last reset
  • The average score is 9 of 10
Answer Stats
# of Points NFL Team % Correct
259 New England Patriots
100%
193 Pittsburgh Steelers
100%
148 Kansas City Chiefs
97%
221 Dallas Cowboys
94%
261 San Francisco 49ers
94%
158 Green Bay Packers
91%
147 Philadelphia Eagles
86%
147 Denver Broncos
83%
132 Las Vegas Raiders
69%
122 Washington Commanders
69%
No matching quizzes found
Score Distribution
Percent of People with Each Score
Percentile by Number Answered
Your Score History
You have not taken this quiz since the last reset